<?xml version="1.0" encoding="UTF-8"?>
<record
    xmlns:xsi="http://www.w3.org/2001/XMLSchema-instance"
    xsi:schemaLocation="http://www.loc.gov/MARC21/slim http://www.loc.gov/standards/marcxml/schema/MARC21slim.xsd"
    xmlns="http://www.loc.gov/MARC21/slim">

  <leader>00531nam a2200181Ia 4500</leader>
  <controlfield tag="001">22722</controlfield>
  <controlfield tag="008">140409s9999    xx            000 0 und d</controlfield>
  <datafield tag="040" ind1=" " ind2=" ">
    <subfield code="c">PK-LaUMT</subfield>
  </datafield>
  <datafield tag="082" ind1=" " ind2=" ">
    <subfield code="a"> 954.0312</subfield>
    <subfield code="b">KIR-H</subfield>
  </datafield>
  <datafield tag="100" ind1=" " ind2=" ">
    <subfield code="a">Col. W. Miles</subfield>
  </datafield>
  <datafield tag="245" ind1=" " ind2=" ">
    <subfield code="a">History of Tipu Sultan:</subfield>
    <subfield code="b">being a continuation of the neshani Hyduri</subfield>
    <subfield code="c">Col. W. Miles&lt;&gt;Mir Hussain Ali Khan Kirmani</subfield>
  </datafield>
  <datafield tag="260" ind1=" " ind2=" ">
    <subfield code="a">Lahore,Pakistan:</subfield>
    <subfield code="b">Services Book Club,</subfield>
    <subfield code="c">1986</subfield>
  </datafield>
  <datafield tag="300" ind1=" " ind2=" ">
    <subfield code="a">186 p.</subfield>
  </datafield>
  <datafield tag="546" ind1=" " ind2=" ">
    <subfield code="a">EN</subfield>
  </datafield>
  <datafield tag="650" ind1=" " ind2=" ">
    <subfield code="a">India</subfield>
  </datafield>
  <datafield tag="700" ind1=" " ind2=" ">
    <subfield code="a">Mir Hussain Ali Khan Kirmani</subfield>
  </datafield>
  <datafield tag="942" ind1=" " ind2=" ">
    <subfield code="c">BK</subfield>
  </datafield>
  <datafield tag="999" ind1=" " ind2=" ">
    <subfield code="c">22960</subfield>
    <subfield code="d">22960</subfield>
  </datafield>
  <datafield tag="952" ind1=" " ind2=" ">
    <subfield code="0">0</subfield>
    <subfield code="1">0</subfield>
    <subfield code="4">0</subfield>
    <subfield code="7">0</subfield>
    <subfield code="a">01</subfield>
    <subfield code="b">01</subfield>
    <subfield code="d">2014-04-09</subfield>
    <subfield code="l">4</subfield>
    <subfield code="o"> 954.0312 KIR-H</subfield>
    <subfield code="p">25492</subfield>
    <subfield code="r">2019-11-13 00:00:00</subfield>
    <subfield code="s">2019-11-13</subfield>
    <subfield code="w">2014-04-23</subfield>
    <subfield code="y">BK</subfield>
  </datafield>
</record>
